Organs of the Human Body (with map) - Statistics

General Stats
  • This quiz has been taken 119,729 times
  • The average score is 9 of 12
Answers on the Map
Answers color-coded by a green-red scale on the quiz's map according to % correct below.
 
Answer Stats
Organs % Correct
Brain
100%
Lungs
99%
Liver
93%
Stomach
89%
Heart
81%
Small Intestine
80%
Large Intestine
79%
Kidneys
77%
Bladder
66%
Pancreas
66%
Gall Bladder
54%
Spleen
46%
No matching quizzes found
Score Distribution
Percent of People with Each Score
Percentile by Number Answered
Your Score History
You have not taken this quiz